000 00524nam a22001697a 4500
003 OSt
005 20161116113622.0
008 130213t xxu||||| |||| 00| 0 eng d
020 _a9812532781
050 _aTX 928
_b.M37 2007
245 _aProfessional management of housekeeping operations.
_cThomas J.A. Jones.
260 _aHoboken, N.J. :
_bJohn Wiley & Sons,
_c2007.
300 _a477 pages :
_c25 cm.
_billustrations ;
500 _aIncludes appendix, glossary and index.
942 _2lcc
_cBK
_kFOR
999 _c15971
_d15971